विपणन विक्रयकला आणि प्रसिध्दी ३ (Record no. 19758)

MARC details
000 -LEADER
fixed length control field 00513nam a2200181Ia 4500
008 - FIXED-LENGTH DATA ELEMENTS--GENERAL INFORMATION
fixed length control field 220531s9999 xx 000 0 und d
041 ## - LANGUAGE CODE
Language code of text/sound track or separate title mar
082 ## - DEWEY DECIMAL CLASSIFICATION NUMBER
Item number WAK
100 ## - MAIN ENTRY--PERSONAL NAME
Personal name भिरुड आणि इतर
9 (RLIN) 31575
245 ## - TITLE STATEMENT
Title विपणन विक्रयकला आणि प्रसिध्दी ३
250 ## - EDITION STATEMENT
Edition statement 1ST
260 ## - PUBLICATION, DISTRIBUTION, ETC. (IMPRINT)
Place of publication, distribution, etc. Pune
Name of publisher, distributor, etc. Seth
Date of publication, distribution, etc. 1992
300 ## - PHYSICAL DESCRIPTION
Extent 182
542 ## - INFORMATION RELATING TO COPYRIGHT STATUS
Copyright holder 01-01-2010
650 ## - SUBJECT ADDED ENTRY--TOPICAL TERM
Topical term or geographic name as entry element Marketing
9 (RLIN) 31576
906 ## - LOCAL DATA ELEMENT F, LDF (RLIN)
d 2009-2010
-- 2014-2015
f 2527
Holdings
Withdrawn status Lost status Source of classification or shelving scheme Damaged status Not for loan Collection code Home library Current library Date acquired Vendor Cost, normal purchase price Total Checkouts Total Holds Full call number Barcode Date last seen Bill Date Koha item type Original Barcode
Withdrawn   Dewey Decimal Classification       Shri Siddhivinayak Mahila Mahavidyalaya Shri Siddhivinayak Mahila Mahavidyalaya 01/01/2010 Abhinav 40.00   1 /WAK/B/738 SSMM-BK-738 06/08/2022 06/08/2022 Books 010000738